La noche que mataron a Bolívar / (Registro nro. 6541)
[ vista simple ]
| 000 -LEADER | |
|---|---|
| fixed length control field | 01463cam a2200349 i 4500 |
| 003 - CONTROL NUMBER IDENTIFIER | |
| control field | CO-BoPUJ |
| 005 - DATE AND TIME OF LATEST TRANSACTION | |
| control field | 20250505124748.0 |
| 007 - PHYSICAL DESCRIPTION FIXED FIELD--GENERAL INFORMATION | |
| fixed length control field | ta |
| 008 - FIXED-LENGTH DATA ELEMENTS--GENERAL INFORMATION | |
| fixed length control field | 180517t20182017ck r 000 f spa d |
| 015 ## - NATIONAL BIBLIOGRAPHY NUMBER | |
| National bibliography number | SSS |
| 020 ## - INTERNATIONAL STANDARD BOOK NUMBER | |
| International Standard Book Number | 8782784264091 |
| 020 ## - INTERNATIONAL STANDARD BOOK NUMBER | |
| International Standard Book Number | 9584264095 |
| 040 ## - CATALOGING SOURCE | |
| Original cataloging agency | CO-BoPUJ |
| Language of cataloging | spa |
| Description conventions | rda |
| Transcribing agency | CO-JMCR |
| 041 0# - LANGUAGE CODE | |
| Language code of text/sound track or separate title | spa |
| 043 ## - GEOGRAPHIC AREA CODE | |
| Geographic area code | s-ck--- |
| 082 04 - DEWEY DECIMAL CLASSIFICATION NUMBER | |
| Classification number | A-N |
| Item number | VARn |
| Edition number | 21 |
| 100 1# - MAIN ENTRY--PERSONAL NAME | |
| Personal name | Vargas Linares, Mauricio, |
| Relator term | autor |
| 9 (RLIN) | 677 |
| 245 13 - TITLE STATEMENT | |
| Title | La noche que mataron a Bolívar / |
| Statement of responsibility, etc. | Mauricio Vargas |
| 250 ## - EDITION STATEMENT | |
| Edition statement | Primera edición |
| 260 ## - PUBLICATION, DISTRIBUTION, ETC. | |
| Place of publication, distribution, etc. | Bogotá : |
| Name of publisher, distributor, etc. | Planeta, |
| Date of publication, distribution, etc. | 2018 |
| 300 ## - PHYSICAL DESCRIPTION | |
| Extent | 284 páginas ; |
| Dimensions | 23 cm |
| 490 1# - SERIES STATEMENT | |
| Series statement | Autores españoles e iberoamericanos |
| 500 ## - GENERAL NOTE | |
| General note | Datos biográficos del autor en solapa posterior. |
| 500 ## - GENERAL NOTE | |
| General note | Nota final del autor páginas 281-284. |
| 505 ## - FORMATTED CONTENTS NOTE | |
| Formatted contents note | Ojos hay que lagañas se pegan -- Despacio y buena letra -- Todo hombre es un sistema -- Al tirano, la cabeza y los pies cortar debemos -- Traición gusta, traidor nunca |
| 520 ## - SUMMARY, ETC. | |
| Summary, etc. | La historia de un hombre con las mayores ambiciones del un continente, pero también la historia del ego que lo traicionó hasta dejarlo completamente aislado: Simón Bolívar admite todo tipo de versiones sobre sí mismo y la que propone este libro lo muestra con nuevos matices. |
| 650 14 - SUBJECT ADDED ENTRY--TOPICAL TERM | |
| Topical term or geographic name entry element | Novela colombiana |
| 9 (RLIN) | 25 |
| 650 24 - SUBJECT ADDED ENTRY--TOPICAL TERM | |
| Topical term or geographic name entry element | Literatura colombiana |
| 9 (RLIN) | 23 |
| 650 24 - SUBJECT ADDED ENTRY--TOPICAL TERM | |
| Topical term or geographic name entry element | Novela histórica |
| 9 (RLIN) | 186 |
| 830 #0 - SERIES ADDED ENTRY--UNIFORM TITLE | |
| Uniform title | Autores españoles e iberoamericanos |
| 9 (RLIN) | 678 |
| 942 ## - ADDED ENTRY ELEMENTS (KOHA) | |
| Source of classification or shelving scheme | Dewey Decimal Classification |
| Koha item type | Books |
| Withdrawn status | Lost status | Source of classification or shelving scheme | Damaged status | Not for loan | Home library | Current library | Shelving location | Date acquired | Source of acquisition | Cost, normal purchase price | Total Checkouts | Total Renewals | Full call number | Barcode | Date last seen | Date last checked out | Copy number | Price effective from | Koha item type |
|---|---|---|---|---|---|---|---|---|---|---|---|---|---|---|---|---|---|---|---|
| Dewey Decimal Classification | Biblioteca Pública José María del Castillo y Rada | Biblioteca Pública José María del Castillo y Rada | Processing Center | 12/19/2019 | Donación | 0.00 | 4 | 2 | A-N VARn | 201809746 | 04/23/2024 | 04/23/2024 | Ej.1 | 02/18/2020 | Books |